000 00465cam a2200193 4500
008 090401t1987 xxu||||| |||| 00| 0 eng d
020 _a0728201135
035 _a(Sirsi) u25540
041 _aeng
050 _a711.1
100 _aDenyer-Green, Barry P. D.
245 _aDevelopment and planning law
250 _a2nd ed.
260 _aLondon
_bEstates Gazette
_c1987
300 _axxxix,337p. ; 22cm.
350 _a16
942 _n0
948 _c04/03/1997
999 _c88755
_d88755